| 000 | 00950cam a2200325 4500 | ||
|---|---|---|---|
| 001 | 7075 | ||
| 003 | BD-RjUL | ||
| 005 | 20211208234348.0 | ||
| 008 | 140113s1973 ii a 000 0 eng d | ||
| 035 | _a(OCoLC)ocm01905097 | ||
| 035 | _a(BD-RjUL)7117 | ||
| 035 | _a(NNC)2540900 | ||
| 040 |
_aDLC _cDLC _dZCU _beng |
||
| 041 | _aeng | ||
| 082 | 0 | 0 |
_a398.20899595 _bCHF1973 |
| 090 |
_aGR305.5.S2 _bR6 |
||
| 100 | 1 |
_aChaudhury, Indu,Roy _d1903- _922161 |
|
| 245 | 1 | 0 |
_aFolk tales of the Santals / _cIndu Roy Chauhury |
| 250 | _a[1st ed.] | ||
| 260 |
_aNew Delhi : _bSterling Publishers, _cc1973. |
||
| 300 |
_a120 p. : _billus. ; _c21 cm. |
||
| 490 | 1 |
_aFolk tales of India series ; _v13 |
|
| 650 | 0 |
_aSantal (South Asian people) _xFolklore. _922162 |
|
| 650 | 0 |
_aTales _zIndia. _919691 |
|
| 830 | 0 |
_v13. _922297 |
|
| 830 | 0 |
_aFolk tales of India series ; _922298 |
|
| 942 |
_2ddc _cBK |
||
| 999 |
_c7075 _d7075 |
||